Posture training and remedial gymnastics /

Bibliographic Details
Main Author: Baumgartner, Albert J.
Format: Book
Language:English
Published: Minneapolis, Minn. : Burgess publishing co., [1941]
Subjects:

MARC

Tag First Indicator Second Indicator Subfields
LEADER 00000cam a2200000 4500
001 in00000050514
005 20151007071858.0
008 770806r1941 mnua 00010 eng
010 |a  42018715  
035 |a (OCoLC)03165364 
035 |9 AAE6808AM 
040 |a DLC  |c OCP  |d TXA  |d UtOrBLW 
049 |a TXAM  |c [116255] 
050 0 |a RM721  |b .B3 
082 0 |a 613.71 
092 |a 613.71  |b B348p 
100 1 |a Baumgartner, Albert J. 
245 1 0 |a Posture training and remedial gymnastics /  |c by Albert J. Baumgartner. 
264 1 |a Minneapolis, Minn. :  |b Burgess publishing co.,  |c [1941] 
264 4 |c ©1941 
300 |a 1 page ., vii numbered ., 145 pages including illustrations, tables, diagram ;  |c 28 x 22 cm. 
336 |a text  |b txt  |2 rdacontent 
337 |a unmediated  |b n  |2 rdamedia 
338 |a volume  |b nc  |2 rdacarrier 
500 |a Reproduced from type-written copy. 
650 0 |a Posture. 
650 0 |a Exercise therapy. 
999 |a MARS 
999 f f |s e2a8b148-a524-3583-a173-21f07d331ae4  |i 4a2a3634-a9b9-3259-a418-f174b6be77bf  |t 0 
952 f f |p ric  |a Texas A&M University  |b Rellis Campus  |c Joint Library Facility  |d Remote Storage  |t 0  |e RM721 .B3  |h Library of Congress classification  |i unmediated -- volume  |m A14801029169 
998 f f |a RM721 .B3  |t 0  |l Remote Storage